[Event "3. ODEM U25 2006"]
[Site "Willingen GER"]
[Date "2006.06.06"]
[Round "4"]
[White "Stotyn, Fabian"]
[Black "Albers, Damian"]
[Result "1-0"]
[Termination "normal"]
[Board "4"]
[WhiteElo "2129"]
[BlackElo "1978"]
[PlyCount "89"]
[WhiteFideId "24611646"]
[BlackFideId "4695186"]
[EventCountry "GER"]
[EventRounds "9"]
[EventType "swiss"]
[EventDate "2006.06.03"]

1. e4 Nc6 2. Nc3 Nf6 3. d4 d5 4. e5 Nd7 5. f4 Nb6 6. a4 a5 7. Bb5 Bd7 8. Nf3
Nb4 9. O-O c6 10. Bd3 g6 11. Ne2 Bg4 12. h3 Bxf3 13. Rxf3 e6 14. c3 Nxd3 15.
Qxd3 h5 16. Bd2 c5 17. Qb5+ Nd7 18. c4 Qb6 19. cxd5 exd5 20. Rb3 Qxb5 21. Rxb5
b6 22. Nc3 cxd4 23. Nxd5 Rb8 24. Rc1 Bc5 25. b4 axb4 26. Bxb4 O-O 27. Nxb6 Bxb4
28. Nxd7 Rxb5 29. axb5 Rd8 30. Rc7 d3 31. Kf2 d2 32. Ke2 Ra8 33. Nf6+ Kg7 34.
Ne4 Rd8 35. Kd1 Rd4 36. Ng5 Rd5 37. Nxf7 Kf8 38. Nd6 Bxd6 39. exd6 Rxd6 40. Rc6
Rd5 41. b6 Kf7 42. b7 Rb5 43. Rc7+ Ke6 44. Kxd2 Kf5 45. Rc5+ 1-0

[Event "3. ODEM U25 2006"]
[Site "Willingen GER"]
[Date "2006.06.06"]
[Round "4"]
[White "Nuber, Korbinian"]
[Black "Dalakian, Haroutioun"]
[Result "1/2-1/2"]
[Termination "normal"]
[Board "5"]
[WhiteElo "2121"]
[BlackElo "1953"]
[PlyCount "95"]
[WhiteFideId "24607231"]
[BlackFideId "24632058"]
[EventCountry "GER"]
[EventRounds "9"]
[EventType "swiss"]
[EventDate "2006.06.03"]

1. e4 e5 2. Nf3 Nc6 3. d4 exd4 4. Nxd4 Nf6 5. Nxc6 bxc6 6. Bd3 d5 7. Qe2 Bg4 8.
f3 Be6 9. Bg5 Be7 10. e5 Nd7 11. Bxe7 Qxe7 12. g3 O-O 13. f4 f5 14. Nd2 Rab8
15. Rb1 c5 16. b3 Nb6 17. c4 c6 18. O-O Rfd8 19. Nf3 Rd7 20. cxd5 cxd5 21. Ng5
c4 22. bxc4 dxc4 23. Bc2 Rbd8 24. Rfd1 g6 25. Nxe6 Qxe6 26. Rxd7 Rxd7 27. Rd1
Kf7 28. Kf2 Rxd1 29. Qxd1 Qd5 30. Qxd5+ Nxd5 31. a3 Ke6 32. Kf3 h6 33. h3 g5
34. Bb1 gxf4 35. gxf4 Nc3 36. Bc2 Nb5 37. Ke3 Nxa3 38. Ba4 Kd5 39. Kd2 Ke6 40.
Kc3 a6 41. Bc6 Nb1+ 42. Kxc4 Nd2+ 43. Kb4 Nf1 44. Bb7 Ng3 45. Bxa6 Nh5 46. Bc8+
Kd5 47. Bb7+ Ke6 48. Bc8+ 1/2-1/2

[Event "3. ODEM U25 2006"]
[Site "Willingen GER"]
[Date "2006.06.06"]
[Round "4"]
[White "Stratonowitsch, Andre"]
[Black "Grüner, Sven"]
[Result "1/2-1/2"]
[Termination "normal"]
[Board "6"]
[WhiteElo "1990"]
[BlackElo "2107"]
[PlyCount "125"]
[WhiteFideId "24613959"]
[BlackFideId "4687221"]
[EventCountry "GER"]
[EventRounds "9"]
[EventType "swiss"]
[EventDate "2006.06.03"]

1. e4 d6 2. d4 Nf6 3. Nc3 g6 4. Be3 c6 5. f3 b5 6. Qd2 Nbd7 7. g4 Nb6 8. Nh3 h5
9. g5 Bxh3 10. Bxh3 Nc4 11. Qc1 Nxe3 12. Qxe3 Nh7 13. d5 cxd5 14. Qd4 Rg8 15.
Qxd5 Bg7 16. Nxb5 Rb8 17. Nd4 Bxd4 18. Qxd4 Qa5+ 19. Kf2 Nxg5 20. Bf1 Ne6 21.
Qc3 Qb6+ 22. Qe3 Qxe3+ 23. Kxe3 Rxb2 24. Bd3 Kd7 25. Kd2 Rgb8 26. Bc4 R2b4 27.
Bb3 a5 28. Ke3 Rf8 29. a3 Rbb8 30. Ba4+ Kc7 31. Rab1 Nc5 32. Bb5 e6 33. Rhg1
Rfd8 34. Rg5 e5 35. Rgg1 Ne6 36. c3 Rdc8 37. Rgd1 Nf4 38. a4 h4 39. Rd2 g5 40.
Rbd1 Rd8 41. Bc4 f6 42. Kf2 Kc6 43. Bb5+ Kc5 44. c4 Rbc8 45. Rb2 Rg8 46. Ke3
Rb8 47. Rbd2 Rbd8 48. Rb1 Rb8 49. Rbd1 Rgd8 50. Rb1 h3 51. Kf2 Rb7 52. Ke3 Rb6
53. Kf2 Rf8 54. Ke3 Rg8 55. Rg1 Ng2+ 56. Kd3 Rbb8 57. Kc3 Nf4 58. Ba6 Rg7 59.
Rgd1 Rd7 60. Bb5 Rdd8 61. Ba6 Rb6 62. Bb5 Rbb8 63. Ba6 1/2-1/2

[Event "3. ODEM U25 2006"]
[Site "Willingen GER"]
[Date "2006.06.06"]
[Round "4"]
[White "Geshnizjani, Ramin"]
[Black "Balz, Christian"]
[Result "0-1"]
[Termination "normal"]
[Board "7"]
[WhiteElo "2035"]
[BlackElo "1637"]
[PlyCount "62"]
[WhiteFideId "24633089"]
[BlackFideId "24664367"]
[EventCountry "GER"]
[EventRounds "9"]
[EventType "swiss"]
[EventDate "2006.06.03"]

1. e4 c5 2. Nf3 d6 3. d4 cxd4 4. Nxd4 Nf6 5. Nc3 g6 6. Be3 Bg7 7. Be2 Nc6 8.
Qd2 O-O 9. O-O-O Nxd4 10. Bxd4 Be6 11. f4 Qa5 12. a3 Rfc8 13. g4 Rab8 14. f5
Bc4 15. Bf3 b5 16. g5 Nd7 17. Bxg7 Kxg7 18. Qd4+ Ne5 19. f6+ Kg8 20. Qf2 b4 21.
Qh4 Qd8 22. axb4 Nxf3 23. Qf4 Ne5 24. h4 exf6 25. gxf6 h5 26. Rh2 Kh7 27. Rhd2
Rxb4 28. Qxe5 Rc5 29. Qxd6 Qa5 30. Qf8 Qa1+ 31. Nb1 Qxb2# 0-1

[Event "3. ODEM U25 2006"]
[Site "Willingen GER"]
[Date "2006.06.06"]
[Round "4"]
[White "Linsenmeyer, Mario"]
[Black "Quaschner, Tobias"]
[Result "1-0"]
[Termination "normal"]
[Board "8"]
[WhiteElo "2022"]
[BlackElo "1693"]
[PlyCount "45"]
[WhiteFideId "24635138"]
[BlackFideId "24646989"]
[EventCountry "GER"]
[EventRounds "9"]
[EventType "swiss"]
[EventDate "2006.06.03"]

1. d4 e6 2. e4 c5 3. Nf3 b6 4. Bd3 Bb7 5. Qe2 Be7 6. O-O d5 7. exd5 exd5 8.
Bb5+ Nd7 9. dxc5 bxc5 10. Ne5 Ngf6 11. Bg5 Kf8 12. Re1 Nxe5 13. Qxe5 Bd6 14.
Bxf6 gxf6 15. Qh5 Qb6 16. Be8 Qc7 17. Qh6+ Kg8 18. Qxf6 Bc6 19. Bxf7+ Qxf7 20.
Qxd6 Rf8 21. Qxc5 Ba8 22. Nc3 Qg6 23. Nxd5 1-0

[Event "3. ODEM U25 2006"]
[Site "Willingen GER"]
[Date "2006.06.06"]
[Round "4"]
[White "Lantzsch, Christian"]
[Black "Jorczik, Andreas"]
[Result "1-0"]
[Termination "normal"]
[Board "9"]
[WhiteElo "2210"]
[BlackElo "1867"]
[PlyCount "43"]
[WhiteFideId "4659821"]
[BlackFideId "24634921"]
[EventCountry "GER"]
[EventRounds "9"]
[EventType "swiss"]
[EventDate "2006.06.03"]

1. g3 c6 2. Bg2 d5 3. f4 Bf5 4. Nf3 Nd7 5. O-O Qb6+ 6. Kh1 Ngf6 7. d3 Ng4 8.
Qe1 Ne3 9. Bxe3 Qxe3 10. Nc3 Nf6 11. Ne5 e6 12. Nd1 Qc5 13. e4 Bg4 14. Nf2 Qxc2
15. Nfxg4 Nxg4 16. Nxg4 Qxd3 17. Rd1 Qb5 18. exd5 cxd5 19. Rxd5 Qxb2 20. Rd2
Qb6 21. Qe4 f5 22. Qa4+ 1-0

[Event "3. ODEM U25 2006"]
[Site "Willingen GER"]
[Date "2006.06.06"]
[Round "4"]
[White "Koksch, Florian"]
[Black "Daum, Norman"]
[Result "0-1"]
[Termination "normal"]
[Board "10"]
[WhiteElo "1847"]
[BlackElo "2150"]
[PlyCount "68"]
[WhiteFideId "24613584"]
[BlackFideId "4690052"]
[EventCountry "GER"]
[EventRounds "9"]
[EventType "swiss"]
[EventDate "2006.06.03"]

1. e4 e6 2. d4 d5 3. exd5 exd5 4. Nf3 Bg4 5. h3 Bh5 6. c4 Nf6 7. Nc3 c6 8. g4
Bg6 9. Bd3 dxc4 10. Bxc4 Nbd7 11. O-O Nb6 12. Bb3 Be7 13. Re1 h5 14. g5 Nfd5
15. Qe2 O-O 16. Nxd5 Nxd5 17. Bxd5 Qxd5 18. Qxe7 Qxf3 19. Qe3 Qd5 20. Qe5 Rae8
21. Qxe8 Rxe8 22. Rxe8+ Kh7 23. Be3 Qf3 24. Rc1 Bf5 25. Kh2 Qxh3+ 26. Kg1 Qg4+
27. Kh2 Qh4+ 28. Kg1 Bh3 29. Kh2 Bf1+ 30. Kg1 Be2 31. Re5 Qg4+ 32. Kh2 Bf3 33.
g6+ fxg6 34. Rg5 Qh4+ 0-1

[Event "3. ODEM U25 2006"]
[Site "Willingen GER"]
[Date "2006.06.06"]
[Round "4"]
[White "Huhnstock, Rico"]
[Black "Seyb, Alexander"]
[Result "0-1"]
[Termination "normal"]
[Board "11"]
[WhiteElo "1795"]
[BlackElo "2122"]
[PlyCount "70"]
[WhiteFideId "24642932"]
[BlackFideId "4699033"]
[EventCountry "GER"]
[EventRounds "9"]
[EventType "swiss"]
[EventDate "2006.06.03"]

1. e4 c5 2. Nf3 d6 3. d4 cxd4 4. Nxd4 Nf6 5. Nc3 a6 6. Be2 e5 7. Nb3 Be7 8. O-O
O-O 9. f4 b5 10. Bf3 Qb6+ 11. Kh1 Nbd7 12. Re1 Qc7 13. f5 b4 14. Nd5 Nxd5 15.
Qxd5 Bb7 16. Qd1 Rac8 17. c3 bxc3 18. bxc3 Qxc3 19. Ba3 Qc7 20. Qd2 Nc5 21.
Rec1 Qd8 22. Nxc5 dxc5 23. Qb2 Qc7 24. Rab1 Rb8 25. Qb6 Rfc8 26. Qxc7 Rxc7 27.
Rb6 Rd8 28. Rb2 Rd4 29. Kg1 h6 30. Re1 Ra4 31. Re3 Bg5 32. Rc3 Bxe4 33. Bxe4
Rxe4 34. Bxc5 Rxc5 35. Rxc5 Be3+ 0-1

[Event "3. ODEM U25 2006"]
[Site "Willingen GER"]
[Date "2006.06.06"]
[Round "4"]
[White "Coenen, Michael"]
[Black "Klebanov, Andrej"]
[Result "1-0"]
[Termination "normal"]
[Board "12"]
[WhiteElo "2109"]
[BlackElo "1758"]
[PlyCount "65"]
[WhiteFideId "4697367"]
[BlackFideId "24669989"]
[EventCountry "GER"]
[EventRounds "9"]
[EventType "swiss"]
[EventDate "2006.06.03"]

1. e4 e6 2. d4 d5 3. Nc3 Bb4 4. e5 c5 5. Qg4 Ne7 6. a3 Bxc3+ 7. bxc3 Qc7 8.
Qxg7 Rg8 9. Qxh7 cxd4 10. Ne2 dxc3 11. f4 Bd7 12. Qd3 Na6 13. Qxc3 Qxc3+ 14.
Nxc3 Rc8 15. Bd2 Nf5 16. g3 Rh8 17. Bg2 d4 18. Ne4 Rxc2 19. Nf6+ Kd8 20. Bxb7
Nc5 21. Ba5+ Ke7 22. Bb4 a5 23. Be4 axb4 24. Bxc2 Nxg3 25. axb4 Nxh1 26. bxc5
Rxh2 27. Be4 Bb5 28. Ra7+ Kf8 29. Ra8+ Ke7 30. c6 Re2+ 31. Kd1 Nf2+ 32. Kc1 d3
33. Ng8# 1-0

[Event "3. ODEM U25 2006"]
[Site "Willingen GER"]
[Date "2006.06.06"]
[Round "4"]
[White "Gonnermann, Jan"]
[Black "Patzer, Stefan"]
[Result "0-1"]
[Termination "normal"]
[Board "13"]
[WhiteElo "1689"]
[BlackElo "2033"]
[PlyCount "46"]
[WhiteFideId "24646830"]
[BlackFideId "24601209"]
[EventCountry "GER"]
[EventRounds "9"]
[EventType "swiss"]
[EventDate "2006.06.03"]

1. e4 e5 2. Nf3 f5 3. Nxe5 Qf6 4. Nc4 fxe4 5. Nc3 Qf7 6. Ne3 c6 7. d3 exd3 8.
Bxd3 d5 9. O-O Nf6 10. Re1 Be7 11. Nf5 Bxf5 12. Bxf5 Nbd7 13. Bxd7+ Kxd7 14.
Qf3 Rae8 15. Qf5+ Kd8 16. Bf4 Bc5 17. Rad1 Rxe1+ 18. Rxe1 Bxf2+ 19. Kf1 Bxe1
20. Kxe1 Re8+ 21. Kf1 Qe7 22. Bg3 Ne4 23. Nxe4 Rf8 0-1

[Event "3. ODEM U25 2006"]
[Site "Willingen GER"]
[Date "2006.06.06"]
[Round "4"]
[White "Knickel, Aaron"]
[Black "Elser, Niklas"]
[Result "1/2-1/2"]
[Termination "normal"]
[Board "14"]
[WhiteElo "2007"]
[BlackElo "1709"]
[PlyCount "117"]
[WhiteFideId "24605298"]
[BlackFideId "24634573"]
[EventCountry "GER"]
[EventRounds "9"]
[EventType "swiss"]
[EventDate "2006.06.03"]

1. e4 c5 2. Nf3 e6 3. d4 cxd4 4. Nxd4 Nf6 5. Nc3 d6 6. Be2 a6 7. a4 Be7 8. O-O
Nbd7 9. f4 Qc7 10. Bf3 Nb6 11. Qe1 e5 12. Nf5 Bf8 13. Qg3 g6 14. fxe5 dxe5 15.
Bg5 Nfd7 16. Nh6 f6 17. Be3 Bb4 18. Bg4 Bxc3 19. bxc3 Rf8 20. Bc1 Nc4 21. Be2
Nd6 22. Ba3 Nxe4 23. Qe3 Nec5 24. h4 f5 25. Bc4 Rf6 26. Ng4 fxg4 27. Rxf6 Nxf6
28. Qxc5 Qxc5+ 29. Bxc5 Bf5 30. Re1 Nd7 31. Bb4 Bxc2 32. a5 Bf5 33. Bd5 O-O-O
34. g3 Re8 35. Bd6 Nf6 36. Bf7 Rd8 37. Be7 Rd7 38. Rxe5 Rd1+ 39. Kg2 Rd2+ 40.
Kf1 Ne4 41. Ke1 Rg2 42. Be6+ Bxe6 43. Rxe4 Kd7 44. Bc5 Rxg3 45. Re3 Rf3 46.
Rxf3 gxf3 47. Kf2 Bd5 48. Ke3 Ke6 49. Kf4 h6 50. Bd4 Bc6 51. Bb6 Kd6 52. Bd4 b5
53. Ke3 g5 54. hxg5 hxg5 55. Bf6 g4 56. Kf2 Kd5 57. Bg7 Kc4 58. Bf6 Kd3 59. Be5
1/2-1/2

[Event "3. ODEM U25 2006"]
[Site "Willingen GER"]
[Date "2006.06.06"]
[Round "4"]
[White "Jussupow, Alexander"]
[Black "Kling, Felix"]
[Result "1/2-1/2"]
[Termination "normal"]
[Board "15"]
[WhiteElo "1972"]
[BlackElo "1684"]
[PlyCount "169"]
[WhiteFideId "24613509"]
[EventCountry "GER"]
[EventRounds "9"]
[EventType "swiss"]
[EventDate "2006.06.03"]

1. d4 d6 2. Nf3 Bg4 3. Bf4 Nf6 4. Nbd2 Nbd7 5. h3 Bh5 6. g4 Bg6 7. Bg2 c6 8. c4
Qc7 9. c5 e5 10. cxd6 Bxd6 11. dxe5 Nxe5 12. Nxe5 Bxe5 13. Bxe5 Qxe5 14. Nc4
Qc7 15. Nd6+ Ke7 16. Nc4 Rhd8 17. Qb3 Kf8 18. O-O Kg8 19. f4 Be4 20. g5 Bxg2
21. Kxg2 Ne4 22. Qc2 Qe7 23. Ne5 Nxg5 24. fxg5 Qxe5 25. Rf5 Qe6 26. Raf1 Rd7
27. b3 Rad8 28. R1f2 Rd2 29. Qc4 Qxc4 30. bxc4 R8d7 31. Ra5 b6 32. Ra3 Rc2 33.
Ra4 a5 34. Kf3 Rd4 35. e3 Rdxc4 36. Rd2 Rxd2 37. Rxc4 Rd6 38. a4 f6 39. gxf6
gxf6 40. Kf4 Kf7 41. e4 Ke6 42. Rc1 b5 43. Rc5 bxa4 44. Rxa5 Rd4 45. Ra6 Rc4
46. Ra5 Kd6 47. h4 Ke6 48. h5 h6 49. Ke3 Rc3+ 50. Kd4 Rh3 51. Rxa4 Rxh5 52. Ke3
Rg5 53. Rc4 Kd6 54. Kf4 c5 55. Ra4 Ke6 56. Ra7 h5 57. Rh7 Re5 58. Ra7 Rg5 59.
Rh7 c4 60. Rc7 h4 61. Rxc4 h3 62. Rc6+ Kf7 63. Rc1 h2 64. Rh1 Rh5 65. Kg3 Ke6
66. Kg4 Rh7 67. Kf4 Rh8 68. Kg4 Ke5 69. Kf3 Rh7 70. Kg2 Kxe4 71. Re1+ Kf4 72.
Kh1 f5 73. Ra1 Kg4 74. Ra4+ f4 75. Ra3 Re7 76. Kxh2 Re3 77. Ra8 Kf3 78. Rf8 Re4
79. Kg1 Ke2 80. Ra8 Kf3 81. Rf8 Re1+ 82. Kh2 Ke3 83. Kg2 Re2+ 84. Kf1 Kf3 85.
Rxf4+ 1/2-1/2

[Event "3. ODEM U25 2006"]
[Site "Willingen GER"]
[Date "2006.06.06"]
[Round "4"]
[White "Weißbeck, Simon"]
[Black "Reck, Moritz"]
[Result "0-1"]
[Termination "normal"]
[Board "16"]
[WhiteElo "1672"]
[BlackElo "1904"]
[PlyCount "102"]
[WhiteFideId "24646865"]
[BlackFideId "24647748"]
[EventCountry "GER"]
[EventRounds "9"]
[EventType "swiss"]
[EventDate "2006.06.03"]

1. e4 c5 2. c3 d6 3. d4 cxd4 4. cxd4 g6 5. Nf3 Bg7 6. Be2 Bg4 7. Nc3 Nc6 8. Be3
Bxf3 9. Bxf3 Nf6 10. O-O h5 11. Qa4 Qd7 12. Rac1 a6 13. e5 Ng4 14. exd6 Qxd6
15. g3 O-O 16. Ne4 Qb4 17. Qxb4 Nxb4 18. a3 Nxe3 19. fxe3 Nd5 20. Kf2 Bh6 21.
Rfe1 Rac8 22. Nc5 Nxe3 23. Rxe3 b6 24. Nb3 Rxc1 25. Nxc1 Rc8 26. Nd3 Bxe3+ 27.
Kxe3 Rc2 28. h4 f6 29. Bb7 a5 30. b3 Kg7 31. a4 g5 32. Be4 gxh4 33. gxh4 Rh2
34. Nf2 Rxh4 35. Kf3 f5 36. Bxf5 Rxd4 37. Be6 Kf6 38. Bc4 Ke5 39. Nd3+ Kd6 40.
Nf4 h4 41. Ne2 Rxc4 42. bxc4 Kc5 43. Kg4 Kxc4 44. Kxh4 Kb3 45. Kg4 Kxa4 46. Kf4
Kb3 47. Ke3 a4 48. Kd3 a3 49. Nd4+ Kb2 50. Kc4 a2 51. Nb3 e5 0-1

[Event "3. ODEM U25 2006"]
[Site "Willingen GER"]
[Date "2006.06.06"]
[Round "4"]
[White "Yin, Zixiao"]
[Black "Bergner, Philipp"]
[Result "1-0"]
[Termination "normal"]
[Board "17"]
[WhiteElo "1898"]
[BlackElo "1668"]
[PlyCount "63"]
[WhiteFideId "24622729"]
[BlackFideId "24664839"]
[EventCountry "GER"]
[EventRounds "9"]
[EventType "swiss"]
[EventDate "2006.06.03"]

1. g4 d5 2. Bg2 c6 3. h3 e5 4. d4 Bd6 5. dxe5 Bxe5 6. c4 Qa5+ 7. Qd2 Qxd2+ 8.
Nxd2 Ne7 9. cxd5 Nxd5 10. Nc4 Bc7 11. Bd2 Be6 12. Rc1 Nd7 13. Nf3 N5b6 14. b3
Nxc4 15. bxc4 Ne5 16. Nxe5 Bxe5 17. f4 Bc7 18. Rb1 O-O-O 19. Be3 Bxc4 20. Kf2
Rhe8 21. Bf3 Bb6 22. Bxb6 axb6 23. Rxb6 Bb5 24. Rc1 Kb8 25. Rb1 Ka7 26. R1xb5
cxb5 27. Rxb7+ Ka6 28. Rxf7 Rg8 29. Rf5 Rd2 30. Rd5 Rxa2 31. Rd6+ Ka5 32. Bd5
1-0

[Event "3. ODEM U25 2006"]
[Site "Willingen GER"]
[Date "2006.06.06"]
[Round "4"]
[White "Sancar, Kenan"]
[Black "Dorn, Matthias"]
[Result "0-1"]
[Termination "normal"]
[Board "18"]
[WhiteElo "1661"]
[BlackElo "1893"]
[PlyCount "98"]
[WhiteFideId "24647543"]
[BlackFideId "24600695"]
[EventCountry "GER"]
[EventRounds "9"]
[EventType "swiss"]
[EventDate "2006.06.03"]

1. e4 c5 2. Nf3 d6 3. d4 cxd4 4. Nxd4 Nf6 5. Nc3 g6 6. Be3 Bg7 7. f3 O-O 8. Bc4
Nc6 9. Qd2 Bd7 10. Bb3 Rc8 11. O-O-O Ne5 12. Kb1 Nc4 13. Bxc4 Rxc4 14. g4 b5
15. Bh6 Nxe4 16. Nxe4 Rxd4 17. Qxd4 Bxd4 18. Bxf8 Be3 19. Rhe1 Bf4 20. Bxe7
Qxe7 21. Nxd6 Qf8 22. Ne4 Be6 23. h4 Qc8 24. h5 g5 25. Rd3 h6 26. Red1 Kg7 27.
Rc3 Qa6 28. Ra3 Qb6 29. Rad3 Bc4 30. Rd7 Be2 31. R1d4 Be5 32. Nd6 Bxd4 33. Nf5+
Kf8 34. Rxd4 Bxf3 35. b3 a6 36. Kc1 Bxg4 37. Rxg4 Qe6 38. Nxh6 Qxh6 39. c4 Qxh5
40. Rd4 Qe2 41. Rd2 Qe1+ 42. Kc2 Qe4+ 43. Kc3 bxc4 44. bxc4 g4 45. c5 g3 46.
Rd4 Qe5 47. Kc4 g2 48. Rd1 Qe2+ 49. Rd3 g1=Q 0-1

[Event "3. ODEM U25 2006"]
[Site "Willingen GER"]
[Date "2006.06.06"]
[Round "4"]
[White "Rath, Oliver"]
[Black "Maier, Marius"]
[Result "1/2-1/2"]
[Termination "normal"]
[Board "19"]
[WhiteElo "1887"]
[BlackElo "1439"]
[PlyCount "79"]
[WhiteFideId "24610380"]
[EventCountry "GER"]
[EventRounds "9"]
[EventType "swiss"]
[EventDate "2006.06.03"]

1. d4 d5 2. c4 e6 3. Nc3 Nf6 4. Nf3 c6 5. Bg5 Be7 6. e3 Nbd7 7. Qc2 O-O 8. cxd5
exd5 9. Bd3 Re8 10. O-O Nf8 11. Ne5 N6d7 12. Bf4 Nxe5 13. Bxe5 Bd6 14. Bxd6
Qxd6 15. Ne2 Re6 16. Ng3 Rh6 17. f4 Bd7 18. Bf5 Re8 19. Rae1 Rf6 20. Bxd7 Qxd7
21. Qd3 g6 22. f5 Rd6 23. Rf4 Qd8 24. Ref1 Nd7 25. R1f3 Nf6 26. fxg6 fxg6 27.
Qb3 b6 28. h4 Rde6 29. Kf1 Ne4 30. Nxe4 Rxe4 31. Rxe4 Rxe4 32. g3 Qe7 33. Kf2
Re6 34. Qa4 Kg7 35. Qd1 Rf6 36. Rxf6 Qxf6+ 37. Ke2 Qe6 38. Qa4 Qd7 39. Qc2 Kf6
40. a4 1/2-1/2

[Event "3. ODEM U25 2006"]
[Site "Willingen GER"]
[Date "2006.06.06"]
[Round "4"]
[White "Emde, Daniel"]
[Black "Sonntag, Hermann"]
[Result "0-1"]
[Termination "normal"]
[Board "20"]
[WhiteElo "1636"]
[BlackElo "2047"]
[PlyCount "96"]
[WhiteFideId "24602221"]
[BlackFideId "4695925"]
[EventCountry "GER"]
[EventRounds "9"]
[EventType "swiss"]
[EventDate "2006.06.03"]

1. d4 e6 2. c4 f5 3. Nc3 Nf6 4. Bg5 Bb4 5. Qc2 O-O 6. e3 h6 7. Bxf6 Qxf6 8. h4
c6 9. Nf3 d5 10. Ne5 Nd7 11. Nxd7 Bxd7 12. f4 Rfc8 13. c5 Ba5 14. a3 Bd8 15. g3
b6 16. Na4 Rab8 17. b4 g6 18. Bd3 Be8 19. Kf2 Rc7 20. Rag1 Rg7 21. g4 fxg4 22.
Rxg4 b5 23. Nc3 a5 24. h5 axb4 25. axb4 gxh5 26. Rxg7+ Kxg7 27. Rg1+ Kf8 28.
Qa2 Rb7 29. Kf1 Rg7 30. Rxg7 Qxg7 31. Qg2 Bh4 32. Qxg7+ Kxg7 33. Nd1 Bg6 34.
Be2 Kf6 35. Nf2 Bf7 36. Kg2 Bg6 37. Kf1 Bg3 38. Kg2 h4 39. Ng4+ Ke7 40. Ne5 Be8
41. Bg4 Be1 42. Nd3 Bc3 43. Kh3 Bd2 44. Kxh4 Bxe3 45. Bh5 Bd7 46. Bg6 Bxd4 47.
Kh5 Kf6 48. Ne5 Bxe5 0-1

[Event "3. ODEM U25 2006"]
[Site "Willingen GER"]
[Date "2006.06.06"]
[Round "4"]
[White "Zentgraf, Robert"]
[Black "Schneider, Christian"]
[Result "1-0"]
[Termination "normal"]
[Board "21"]
[WhiteElo "2106"]
[BlackElo "2039"]
[PlyCount "85"]
[WhiteFideId "4676483"]
[BlackFideId "24613886"]
[EventCountry "GER"]
[EventRounds "9"]
[EventType "swiss"]
[EventDate "2006.06.03"]

1. d4 d5 2. c4 e6 3. Nf3 Nf6 4. g3 Be7 5. Bg2 Nbd7 6. O-O O-O 7. Qc2 c6 8. Nbd2
Re8 9. b3 Bd6 10. Bb2 Qc7 11. Rac1 a6 12. Rfe1 e5 13. dxe5 Nxe5 14. Nxe5 Bxe5
15. cxd5 Bxb2 16. Qxb2 Bd7 17. dxc6 Bxc6 18. Bxc6 bxc6 19. f3 Rad8 20. Nc4 Nd5
21. a3 Ne3 22. Kh1 Nxc4 23. Rxc4 Re3 24. Qc2 Rd6 25. Rc1 g6 26. Rxc6 Rxc6 27.
Qxc6 Qe7 28. Qxa6 Rxe2 29. Qc8+ Kg7 30. Qc3+ Kh6 31. Qd3 Re3 32. Qd2 g5 33. h4
Kg6 34. Rc6+ f6 35. Qc2+ Kh6 36. hxg5+ Kxg5 37. Qc5+ Qxc5 38. Rxc5+ Kg6 39. Rb5
Rxf3 40. Kg2 Rc3 41. a4 f5 42. Rb7 h6 43. a5 1-0

[Event "3. ODEM U25 2006"]
[Site "Willingen GER"]
[Date "2006.06.06"]
[Round "4"]
[White "Hinz, Arne"]
[Black "Schmitt, Philipp"]
[Result "0-1"]
[Termination "normal"]
[Board "22"]
[WhiteElo "1784"]
[BlackElo "1887"]
[PlyCount "74"]
[WhiteFideId "24634875"]
[BlackFideId "24641766"]
[EventCountry "GER"]
[EventRounds "9"]
[EventType "swiss"]
[EventDate "2006.06.03"]

1. e4 e6 2. d4 d5 3. exd5 exd5 4. Bd3 Nc6 5. Nf3 Bg4 6. c3 Bd6 7. O-O Nge7 8.
Nbd2 Qd7 9. Qc2 O-O-O 10. b4 f6 11. a4 g5 12. a5 Rde8 13. b5 Nd8 14. a6 b6 15.
c4 dxc4 16. Bxc4 h5 17. Qb3 Bf5 18. d5 h4 19. Nd4 g4 20. Nc6 Nexc6 21. dxc6 Qg7
22. Bd3 Be6 23. Bc4 g3 24. Bxe6+ Rxe6 25. fxg3 hxg3 26. Nc4 Bc5+ 27. Be3 Rxh2
28. Rfe1 Qh7 29. Kf1 Qf5+ 30. Ke2 Rxg2+ 31. Kd1 Qf3+ 32. Kc1 Bxe3+ 33. Nxe3 Re2
34. Rxe2 Qxe2 35. Nc2 g2 36. Kb2 Qe5+ 37. Qc3 Qxb5+ 0-1

[Event "3. ODEM U25 2006"]
[Site "Willingen GER"]
[Date "2006.06.06"]
[Round "4"]
[White "Sieker, Roland"]
[Black "Onasch, Paul"]
[Result "1/2-1/2"]
[Termination "normal"]
[Board "23"]
[WhiteElo "1984"]
[BlackElo "1798"]
[PlyCount "29"]
[WhiteFideId "24600261"]
[BlackFideId "24647896"]
[EventCountry "GER"]
[EventRounds "9"]
[EventType "swiss"]
[EventDate "2006.06.03"]

1. e4 d5 2. Nc3 dxe4 3. Nxe4 Qd5 4. Ng3 c6 5. Nf3 Nf6 6. d4 Bg4 7. Be2 e6 8. h3
Bxf3 9. Bxf3 Qa5+ 10. c3 Be7 11. O-O O-O 12. Ne4 Nbd7 13. Bf4 Nxe4 14. Bxe4 Nf6
15. Bf3 1/2-1/2

[Event "3. ODEM U25 2006"]
[Site "Willingen GER"]
[Date "2006.06.06"]
[Round "4"]
[White "Durmisi, Valon"]
[Black "Stuhl, Alexander"]
[Result "0-1"]
[Termination "normal"]
[Board "24"]
[WhiteElo "1570"]
[BlackElo "2115"]
[PlyCount "86"]
[BlackFideId "24601373"]
[EventCountry "GER"]
[EventRounds "9"]
[EventType "swiss"]
[EventDate "2006.06.03"]

1. e4 c5 2. c3 e6 3. d4 b6 4. Nf3 Bb7 5. Bd3 d6 6. O-O Nd7 7. Re1 Ngf6 8. c4
cxd4 9. Nxd4 a6 10. Nc3 Qc7 11. b3 Be7 12. Bb2 g5 13. Qc2 h5 14. Re3 h4 15.
Rae1 O-O-O 16. b4 Ne5 17. Rc1 Nfg4 18. Re2 d5 19. cxd5 Nxd3 20. Ncb5 Qxc2 21.
Rexc2+ Kb8 22. Nc6+ Bxc6 23. Rxc6 Nxc1 24. Rxb6+ Ka8 25. Rxa6+ Kb7 26. Ra7+ Kb6
27. Rxe7 Kxb5 28. Bxh8 Rxh8 29. f3 Ne3 30. d6 Rd8 31. Rb7+ Ka4 32. d7 Nd3 33.
b5 Nc5 34. Ra7+ Kxb5 35. a4+ Kb6 36. Ra8 Rxa8 37. d8=Q+ Rxd8 38. a5+ Kxa5 39.
Kf2 Nc4 40. g3 Rd2+ 41. Kg1 Ne3 42. gxh4 Nd3 43. hxg5 Rd1# 0-1

[Event "3. ODEM U25 2006"]
[Site "Willingen GER"]
[Date "2006.06.06"]
[Round "4"]
[White "Kyas, Marcel"]
[Black "Tiemann, Christoph"]
[Result "1-0"]
[Termination "normal"]
[Board "25"]
[WhiteElo "1918"]
[BlackElo "1536"]
[PlyCount "85"]
[WhiteFideId "24642037"]
[BlackFideId "24676900"]
[EventCountry "GER"]
[EventRounds "9"]
[EventType "swiss"]
[EventDate "2006.06.03"]

1. d4 Nf6 2. c4 g6 3. Nc3 Bg7 4. e4 d6 5. f4 O-O 6. Nf3 Nbd7 7. Bd3 Ne8 8. O-O
e5 9. fxe5 dxe5 10. d5 Nd6 11. Be3 c5 12. a3 f5 13. Ng5 Nb8 14. Bxc5 Qxg5 15.
Bxd6 Rf7 16. b4 f4 17. Bxb8 Rxb8 18. Qd2 Bd7 19. c5 Rbf8 20. Be2 h5 21. b5 Bg4
22. Bf3 Qh4 23. c6 bxc6 24. bxc6 g5 25. Qf2 Qxf2+ 26. Rxf2 Bxf3 27. gxf3 g4 28.
Rb1 g3 29. Rfb2 Bf6 30. d6 Bd8 31. Nd5 Ba5 32. Rb8 h4 33. Rxf8+ Rxf8 34. c7 h3
35. c8=Q Rxc8 36. Ne7+ Kf7 37. Nxc8 Bd2 38. hxg3 fxg3 39. d7 Be3+ 40. Kh1 Bg5
41. Rd1 Bd8 42. Nd6+ Ke6 43. Nb7 1-0